| 000 | 00464nam a22001931a 4500 | ||
|---|---|---|---|
| 001 | 1157 | ||
| 003 | OSt | ||
| 005 | 20260204211724.0 | ||
| 008 | 040116s1963||||ag ||||||b||||||||||spa|| | ||
| 050 | _a910 P266e | ||
| 082 | _a910 P266e | ||
| 100 | _aPassodori , Josefina | ||
| 245 | _aElementos de geografía / Jossefina Passodori | ||
| 264 | _aArgentina : Kapeluz | ||
| 300 | _a414 p. | ||
| 500 | _aIncluye indice | ||
| 650 | _a1.GeografíaÌ | ||
| 942 |
_2ddc _cBK |
||
| 999 |
_c1157 _d1157 |
||